Statistics for Map Projections by Picture

Click here to take the quiz!

General Stats

  • This quiz has been taken 8 times
  • The average score is 3 of 8

Answer Stats

Answer% Correct
Mercator
100%
Cassini
57%
Robinson
57%
Fuller(Dymaxion)
43%
Equirectangular
29%
Goode
29%
Lambert
14%
Wagner
14%

Score Distribution

Percentile by Number Answered

Percent of People with Each Score

Your Score History

You have not taken this quiz